000 00729nam a2200229Ia 4500
005 20250108125131.0
008 008 250107s9999 xx 000 0 eng d
020 _a978-93-81506-18-9
037 _aTB
040 _aCRL
_beng
_cCRL
041 _aeng
_2eng
084 _aO15jN39 111R3
084 _qCRL
100 _aRajesh Singh Ed.; Kanaujia Sukula Shiva Ed.
_9730454
245 0 _aDigital libraries, learning and higher education
_cRajesh Singh Ed.; Kanaujia Sukula Shiva Ed.
260 _aAgra, India
_bAssociated Publishing House
_c3427
300 _a205p.
365 _aINR
_b1500
650 _aDIGITAL LIBRARIESLIBRARY SCIENCE
_9730455
942 _cTB
_hO15jN39 111R3
999 _c1235815
_d1235815